College Quizbowl Stats
College Quizbowl Stats
Circuits
Seasons
Sets
Records
Detailed Stats
About
Loading...
2023 ARCADIA at Ohio State
Tossups
Bonuses
Players
Teams
Categories (Tossup)
Categories (Bonus)
Jacob
Ohio State B
Categories
Category
Powers
Gets
Negs
BBs
Points
Earliest Buzz
Avg. Buzz
First Buzzes
Top 3 Buzzes
BPA
PVF
Literature - British
0
2
0
1
20
138
150.00
0
2
0.00
0.00
Science - Biology
0
1
1
1
5
142
142.00
0
1
0.00
0.00
Science - Physics
0
0
0
0
0
0.00
0
0
0.00
0.00
History - World
0
0
1
0
-5
0.00
0
0
0.00
0.00
0
0
1
0
-5
0.00
0
0
0.00
0.00
Buzzes
Category
Answer
Value
Buzz Position
falcons
-5
62
Science - Biology
opsins
-5
65
History - World
Paul Kagame
-5
118
Science - Physics
particle accelerators
0
126
Literature - British
Seán O’Casey
10
138
Science - Biology
turtle shell
10
142
Literature - British
mills
10
162
Previous
1
Next